[Event "FICS rated blitz game"]
[Site "FICS freechess.org"]
[Date "2018.01.02"]
[Round "?"]
[White "jezebelben"]
[Black "Pumpernickel"]
[Result "1-0"]
[WhiteElo "1357"]
[BlackElo "1380"]
[PlyCount "93"]
[EventDate "2018.??.??"]
[EventType "blitz"]

1. e4 Nc6 2. Nf3 e5 3. c3 Nf6 4. d4 Nxe4 5. d5 Ne7 6. Be2 d6 7. Qa4+ c6 8. Qxe4
cxd5 9. Qa4+ Bd7 10. Qd1 g6 11. O-O Bg7 12. h3 O-O 13. Nh2 Qc8 14. f4 e4 15.
Bg4 Nf5 16. Na3 a6 17. Qxd5 Bc6 18. Qd1 Re8 19. Nc4 Bb5 20. Nxd6 Qc5+ 21. Kh1
Qxd6 22. Bxf5 Qxd1 23. Rxd1 gxf5 24. Be3 Rad8 25. Re1 Rd3 26. Nf1 Red8 27. Ng3
Bh6 28. Nxf5 Bg7 29. Ng3 Bc6 30. Nf5 R8d7 31. h4 Kf8 32. h5 Bf6 33. h6 R7d5 34.
Ng3 Rd6 35. Bc5 Bh4 36. Bxd6+ Rxd6 37. Kh2 Rxh6 38. Rad1 e3 39. Rxe3 Rg6 40.
Rd8+ Kg7 41. Nf5+ Kf6 42. Nxh4 Rg4 43. Rd6+ Kg7 44. Nf5+ Kf8 45. Rg3 Rxg3 46.
Kxg3 f6 47. Rxf6+ {Black resigns} 1-0

[Event "FICS rated blitz game"]
[Site "FICS freechess.org"]
[Date "2018.01.02"]
[Round "?"]
[White "kiknit"]
[Black "Mwizi"]
[Result "1-0"]
[WhiteElo "1443"]
[BlackElo "1479"]
[PlyCount "27"]
[EventDate "2018.??.??"]
[EventType "blitz"]

1. e4 e5 2. Nf3 Nc6 3. c3 Nf6 4. d4 Bd6 5. dxe5 Nxe5 6. Nxe5 Bxe5 7. Be2 O-O 8.
O-O Nxe4 9. Bd3 Nf6 10. Bg5 d6 11. Qf3 Bg4 12. Qe3 Re8 13. h3 Be6 14. f4 1-0

[Event "FICS rated lightning game"]
[Site "FICS freechess.org"]
[Date "2018.01.02"]
[Round "?"]
[White "kungzeb"]
[Black "killerbie"]
[Result "0-1"]
[WhiteElo "1828"]
[BlackElo "1955"]
[PlyCount "72"]
[EventDate "2018.??.??"]

1. e4 e5 2. Nf3 Nc6 3. c3 d5 4. exd5 Qxd5 5. d4 Bg4 6. Be2 e4 7. Nfd2 Bxe2 8.
Qxe2 f5 9. O-O O-O-O 10. Qc4 Nf6 11. Qxd5 Nxd5 12. Nb3 h6 13. N1d2 g5 14. Nc4
Bg7 15. f3 exf3 16. Rxf3 f4 17. Bd2 Rhe8 18. Re1 Rxe1+ 19. Bxe1 Re8 20. Kf1 b5
21. Nca5 Nxa5 22. Nxa5 Ne3+ 23. Kg1 Nc4 24. Nxc4 bxc4 25. Kf2 Kd7 26. g3 fxg3+
27. Kxg3 Rf8 28. Rxf8 Bxf8 29. Kg4 Ke6 30. Kh5 Kf5 31. Bg3 c6 32. Bb8 a6 33. a4
Ke4 34. Bc7 Kd3 35. Bb6 Kc2 36. Ba5 Kxb2 0-1

[Event "FICS rated blitz game"]
[Site "FICS freechess.org"]
[Date "2018.01.02"]
[Round "?"]
[White "Rihokokk"]
[Black "UltraMN"]
[Result "1-0"]
[WhiteElo "1356"]
[BlackElo "1442"]
[PlyCount "75"]
[EventDate "2018.??.??"]
[EventType "blitz"]

1. e4 e5 2. Nf3 Nc6 3. c3 d5 4. Bd3 d4 5. Qe2 Nf6 6. Bc2 Bg4 7. d3 Nh5 8. g3
Nf6 9. h3 Bh5 10. Nbd2 g5 11. g4 Nxg4 12. hxg4 Bxg4 13. Qf1 h5 14. Ba4 h4 15.
Nxe5 Bd7 16. Bxc6 Bxc6 17. Nxc6 bxc6 18. c4 g4 19. a3 Bd6 20. b4 g3 21. fxg3
Bxg3+ 22. Kd1 Qd7 23. c5 Qg4+ 24. Kc2 h3 25. Bb2 h2 26. Bxd4 O-O-O 27. Bxh8
Rxh8 28. Nc4 Qh4 29. Qxf7 Bf2 30. Raf1 Bg1 31. Na5 Qg3 32. Qe6+ Kb8 33. Qxc6
Qg2+ 34. Kb3 Qg8+ 35. Qd5 Qxd5+ 36. exd5 Kc8 37. Rf7 Rh3 38. Kc3 1-0

[Event "FICS rated blitz game"]
[Site "FICS freechess.org"]
[Date "2018.01.02"]
[Round "?"]
[White "arju"]
[Black "Wackelzahn"]
[Result "0-1"]
[WhiteElo "1595"]
[BlackElo "1648"]
[PlyCount "100"]
[EventDate "2018.??.??"]
[EventType "blitz"]

1. e4 e5 2. Nf3 Nc6 3. c3 d5 4. exd5 Qxd5 5. d4 e4 6. Nfd2 Nf6 7. h3 Bf5 8. Bc4
Qd7 9. O-O O-O-O 10. Qa4 Kb8 11. Bb5 Nd5 12. Nc4 f6 13. Na5 Nde7 14. Be3 a6 15.
Nxc6+ Nxc6 16. Bxc6 Qxc6 17. Qxc6 bxc6 18. Nd2 Bd6 19. Rfe1 Rhe8 20. b4 Kb7 21.
Rab1 Ra8 22. a4 Kc8 23. Rb2 Kd7 24. Nc4 Bf8 25. Na5 Rab8 26. Reb1 Be6 27. c4 g5
28. Kf1 h6 29. Ke2 f5 30. g3 Bg7 31. Rd2 Bf8 32. Rdb2 Bg7 33. Rb3 Rf8 34. Rd1
f4 35. gxf4 gxf4 36. Bc1 Bxh3 37. d5 Bg4+ 38. Ke1 Bxd1 39. dxc6+ Ke6 40. Kxd1
Kf5 41. Rh3 Rxb4 42. Rh5+ Kg6 43. Rc5 Rxa4 44. Ke2 Bd4 45. Rd5 Ra2+ 46. Ke1
Bxf2+ 47. Kf1 e3 48. Rd7 Rxa5 49. Rxc7 Ra1 50. Ke2 Rxc1 0-1

[Event "FICS rated blitz game"]
[Site "FICS freechess.org"]
[Date "2018.01.02"]
[Round "?"]
[White "hoken"]
[Black "vladtepesking"]
[Result "0-1"]
[WhiteElo "1428"]
[BlackElo "1479"]
[PlyCount "66"]
[EventDate "2018.??.??"]
[EventType "blitz"]

1. e4 e5 2. Nf3 Nc6 3. c3 Nf6 4. d3 d5 5. exd5 Nxd5 6. Be2 Bc5 7. O-O O-O 8.
Bg5 Be7 9. Bxe7 Qxe7 10. Re1 Rd8 11. Nbd2 Nf6 12. Qc2 Bf5 13. Rad1 e4 14. dxe4
Nxe4 15. Nxe4 Qxe4 16. Bd3 Rxd3 17. Rxe4 Rxd1+ 18. Qxd1 Bxe4 19. Nd4 Rd8 20. f3
Bg6 21. Kf2 Nxd4 22. cxd4 c5 23. Qb3 cxd4 24. Qxb7 d3 25. Ke1 d2+ 26. Kd1 Bc2+
27. Kxc2 d1=Q+ 28. Kc3 Qd3+ 29. Kb4 Rd4+ 30. Ka5 Qd2+ 31. b4 Qxa2+ 32. Kb5 Rd5+
33. Kc6 Qc4# {White checkmated} 0-1

[Event "FICS rated blitz game"]
[Site "FICS freechess.org"]
[Date "2018.01.02"]
[Round "?"]
[White "kiknit"]
[Black "jvlick"]
[Result "0-1"]
[WhiteElo "1476"]
[BlackElo "1571"]
[PlyCount "56"]
[EventDate "2018.??.??"]
[EventType "blitz"]

1. e4 e5 2. Nf3 Nc6 3. c3 Nf6 4. Bc4 d6 5. d4 exd4 6. cxd4 Bg4 7. O-O Be7 8. h3
Bxf3 9. Qxf3 Nxd4 10. Qc3 c5 11. e5 dxe5 12. Be3 O-O 13. Nd2 Rc8 14. b3 b5 15.
Bd3 c4 16. bxc4 bxc4 17. Nxc4 Nd5 18. Qd2 Bb4 19. Qd1 Nc3 20. Qh5 g6 21. Qh6
Nde2+ 22. Kh1 Qxd3 23. Nxe5 Qf5 24. Ng4 Nd5 25. Qh4 Qh5 26. Nf6+ Nxf6 27. Qxf6
Bc3 28. Rad1 Bxf6 {White resigns} 0-1

[Event "FICS rated blitz game"]
[Site "FICS freechess.org"]
[Date "2018.01.02"]
[Round "?"]
[White "GayanovK"]
[Black "pawanchamp"]
[Result "1-0"]
[WhiteElo "1327"]
[BlackElo "1431"]
[PlyCount "79"]
[EventDate "2018.??.??"]
[EventType "blitz"]

1. e4 e5 2. Nf3 Nc6 3. c3 Nf6 4. Bd3 d5 5. exd5 Qxd5 6. Bc2 Bg4 7. O-O e4 8.
Bb3 Qd6 9. h3 Bh5 10. g4 Bxg4 11. hxg4 exf3 12. Qxf3 O-O-O 13. d4 h5 14. g5 Nh7
15. Bxf7 Qe7 16. g6 Nf6 17. Bg5 h4 18. Nd2 h3 19. Rfe1 Qd6 20. Bf4 h2+ 21. Kh1
Qd5 22. Bxd5 Nxd5 23. Qg3 Nxf4 24. Qxf4 Bd6 25. Qg4+ Kb8 26. Ne4 Be7 27. Nc5
Bd6 28. b4 Rh6 29. b5 Na5 30. Ne6 Rdh8 31. Nxg7 Rh4 32. Re8+ Rxe8 33. Qxh4 Rf8
34. Re1 b6 35. Re8+ Rxe8 36. Nxe8 Nc4 37. Nxd6 Nxd6 38. Qd8+ Kb7 39. Qxd6 cxd6
40. g7 {Black resigns} 1-0

[Event "FICS rated standard game"]
[Site "FICS freechess.org"]
[Date "2018.01.02"]
[Round "?"]
[White "PickleRick"]
[Black "TraderJoe"]
[Result "0-1"]
[WhiteElo "1737"]
[BlackElo "1617"]
[PlyCount "36"]
[EventDate "2018.??.??"]

1. e4 e5 2. Nf3 Nc6 3. c3 Bc5 4. d3 Nf6 5. b4 Bb6 6. b5 Ne7 7. Nxe5 d5 8. Qb3
Be6 9. Qc2 Qd6 10. Bf4 Bxf2+ 11. Kxf2 Ng4+ 12. Kg1 Nxe5 13. d4 f6 14. dxe5 fxe5
15. Bg3 O-O 16. exd5 Nxd5 17. Bc4 Ne3 18. Bxe6+ Qxe6 {White resigns} 0-1

[Event "FICS rated blitz game"]
[Site "FICS freechess.org"]
[Date "2018.01.02"]
[Round "?"]
[White "jetline"]
[Black "ZAPPAFRANK"]
[Result "0-1"]
[WhiteElo "1465"]
[BlackElo "1573"]
[PlyCount "58"]
[EventDate "2018.??.??"]
[EventType "blitz"]

1. e4 e5 2. Nf3 Nc6 3. c3 f5 4. d4 fxe4 5. Nxe5 Nxe5 6. dxe5 d6 7. exd6 Bxd6 8.
Qe2 Nf6 9. Nd2 O-O 10. g3 e3 11. Nf3 exf2+ 12. Kxf2 Ng4+ 13. Kg2 Qf6 14. Bg5
Qf7 15. Rd1 b6 16. Qe4 Rb8 17. Bd3 g6 18. h3 Nf6 19. Bxf6 Qxf6 20. Rhf1 Bb7 21.
Bc4+ Kh8 22. Qg4 Bxf3+ 23. Rxf3 Qe7 24. Rxf8+ Rxf8 25. Bb3 Bc5 26. Rd2 Qe1 27.
Rd4 Qf2+ 28. Kh1 Qe1+ 29. Kg2 Rf2# {White checkmated} 0-1

[Event "FICS rated blitz game"]
[Site "FICS freechess.org"]
[Date "2018.01.02"]
[Round "?"]
[White "OneMoreTry"]
[Black "Pawnshop"]
[Result "1-0"]
[WhiteElo "1467"]
[BlackElo "1573"]
[PlyCount "57"]
[EventDate "2018.??.??"]
[EventType "blitz"]

1. e4 e5 2. Nf3 Nc6 3. c3 d5 4. exd5 Qxd5 5. d4 exd4 6. cxd4 Bg4 7. Be2 O-O-O
8. Be3 Nf6 9. Nc3 Bb4 10. O-O Bxc3 11. bxc3 Ne4 12. Qd3 Bf5 13. Nh4 Nd6 14.
Nxf5 Qxf5 15. Qxf5+ Nxf5 16. Bg4 Nce7 17. Bc1 Kb8 18. Ba3 h5 19. Bf3 Nd5 20. c4
Nb6 21. Rab1 Nxd4 22. c5 Nxf3+ 23. gxf3 Nc4 24. c6 Nxa3 25. Rxb7+ Ka8 26. Rc1
Rc8 27. Rc3 Rhd8 28. Rxa3 Rd6 29. Raxa7# {Black checkmated} 1-0

[Event "FICS rated standard game"]
[Site "FICS freechess.org"]
[Date "2018.01.02"]
[Round "?"]
[White "piaanist"]
[Black "caryoscelus"]
[Result "0-1"]
[WhiteElo "1451"]
[BlackElo "1795"]
[PlyCount "104"]
[EventDate "2018.??.??"]

1. e4 e5 2. Nf3 Nc6 3. c3 d6 4. Bc4 Be6 5. Bb3 Qf6 6. d3 h6 7. Be3 Nge7 8. Nbd2
Ng6 9. g3 Bh3 10. Qe2 Na5 11. Bc2 Be7 12. b4 Nc6 13. Bb3 a5 14. b5 Na7 15. a4
c6 16. d4 cxb5 17. axb5 O-O 18. dxe5 Nxe5 19. Nxe5 Qxe5 20. Bd4 Qxb5 21. f4
Rfe8 22. Qh5 Be6 23. Qf3 Bxb3 24. Nxb3 Qxb3 25. O-O Nb5 26. Rac1 Nxd4 27. cxd4
Qxf3 28. Rxf3 g5 29. fxg5 Bxg5 30. Rc7 f6 31. Rxb7 Rxe4 32. Rd7 Rxd4 33. h4
Rd1+ 34. Kf2 Bc1 35. Rxf6 Rf8 36. Rxf8+ Kxf8 37. Ke2 Rd2+ 38. Ke1 a4 39. Ra7
Rd4 40. Ra6 a3 41. Ke2 Rd2+ 42. Ke1 a2 43. Ra4 Ke7 44. g4 Ke6 45. g5 hxg5 46.
hxg5 Rg2 47. Kd1 Bxg5 48. Ra3 Rg1+ 49. Kc2 a1=Q 50. Rxa1 Rxa1 51. Kb2 Bf6+ 52.
Kc2 d5 {White resigns} 0-1

[Event "FICS rated lightning game"]
[Site "FICS freechess.org"]
[Date "2018.01.02"]
[Round "?"]
[White "mogonhed"]
[Black "howieB"]
[Result "0-1"]
[WhiteElo "1934"]
[BlackElo "2049"]
[PlyCount "58"]
[EventDate "2018.??.??"]

1. e4 e5 2. Nf3 Nc6 3. c3 d5 4. Qa4 Bd7 5. exd5 Nd4 6. Qd1 Nxf3+ 7. Qxf3 Nf6 8.
h3 e4 9. Qd1 Nxd5 10. Bc4 Nb6 11. Bb3 Bd6 12. O-O O-O 13. a4 a5 14. Na3 Kh8 15.
Nc4 Nxc4 16. Bxc4 Qh4 17. d4 f5 18. Qd2 f4 19. Re1 f3 20. Qg5 Qxg5 21. Bxg5
fxg2 22. Rxe4 Bxh3 23. Rae1 h6 24. Bh4 Rf4 25. Bg3 Rxe4 26. Rxe4 Bxg3 27. fxg3
Rf8 28. Rh4 Rf1+ 29. Kh2 Rh1# {White checkmated} 0-1

[Event "FICS rated blitz game"]
[Site "FICS freechess.org"]
[Date "2018.01.02"]
[Round "?"]
[White "awitaliy"]
[Black "Gkitis"]
[Result "0-1"]
[WhiteElo "1362"]
[BlackElo "1426"]
[PlyCount "62"]
[EventDate "2018.??.??"]
[EventType "blitz"]

1. e4 e5 2. Nf3 Nc6 3. c3 Bc5 4. d4 exd4 5. cxd4 Bb6 6. d5 Nce7 7. e5 d6 8. e6
fxe6 9. dxe6 Bxe6 10. Bg5 Qd7 11. Nc3 O-O-O 12. Bb5 c6 13. Be2 Kb8 14. b4 h6
15. Bh4 g5 16. Bg3 Nf6 17. h3 g4 18. hxg4 Nxg4 19. Nh4 h5 20. a4 Rhf8 21. a5
Bxf2+ 22. Bxf2 Nxf2 23. Qd2 Nxh1 24. O-O-O Nf2 25. Re1 Ng4 26. b5 c5 27. b6 a6
28. Nf3 Nf5 29. Ng5 Nd4 30. Bxg4 Bxg4 31. Nge4 Nb3+ {White resigns} 0-1

[Event "FICS rated blitz game"]
[Site "FICS freechess.org"]
[Date "2018.01.02"]
[Round "?"]
[White "kiknit"]
[Black "mijac"]
[Result "0-1"]
[WhiteElo "1449"]
[BlackElo "1523"]
[PlyCount "38"]
[EventDate "2018.??.??"]
[EventType "blitz"]

1. e4 e5 2. Nf3 Nc6 3. c3 Bc5 4. Bc4 d6 5. d4 exd4 6. Ng5 Nh6 7. Qf3 O-O 8. Qh5
Ne5 9. Bb3 dxc3 10. Nxc3 Nd3+ 11. Kf1 Nxc1 12. Nxh7 Kxh7 13. Rxc1 Qf6 14. f3 g6
15. Qd5 c6 16. Qd2 Bb4 17. Bc2 Be6 18. Kg1 Bc4 19. e5 Bc5+ {White resigns} 0-1

[Event "FICS unrated standard game"]
[Site "FICS freechess.org"]
[Date "2018.01.02"]
[Round "?"]
[White "Oberelchingen"]
[Black "noppolo"]
[Result "0-1"]
[WhiteElo "1942"]
[BlackElo "1581"]
[PlyCount "46"]
[EventDate "2018.??.??"]

1. e4 e5 2. Nf3 Nc6 3. c3 Nf6 4. Qb3 Be7 5. d4 exd4 6. cxd4 d6 7. Bc4 O-O 8. e5
dxe5 9. dxe5 Ng4 10. O-O Ngxe5 11. Nxe5 Nxe5 12. Bh6 Nxc4 13. Bxg7 Kxg7 14.
Qc3+ Bf6 15. Qg3+ Kh8 16. Nc3 Be6 17. Rad1 Qe7 18. Rd4 Bxd4 19. Ne4 f6 20. Rd1
Be5 21. Qh4 Nd6 22. f4 Bxb2 23. Rd3 Nxe4 {White resigns} 0-1

[Event "FICS rated blitz game"]
[Site "FICS freechess.org"]
[Date "2018.01.02"]
[Round "?"]
[White "reuss"]
[Black "Patambor"]
[Result "0-1"]
[WhiteElo "1587"]
[BlackElo "1610"]
[PlyCount "46"]
[EventDate "2018.??.??"]
[EventType "blitz"]

1. e4 e5 2. Nf3 Nc6 3. c3 Nf6 4. d3 Bc5 5. Be2 O-O 6. O-O d5 7. b4 Bb6 8. exd5
Qxd5 9. a4 a5 10. b5 Ne7 11. c4 Qe6 12. Be3 Bxe3 13. fxe3 h6 14. e4 Rd8 15. Qc2
Ng6 16. g3 Qh3 17. Ne1 Bg4 18. Rf2 Bxe2 19. Rxe2 Ng4 20. Nf3 Rd6 21. Na3 Rad8
22. Ne1 Rf6 23. Rc1 Rf1# {White checkmated} 0-1

[Event "FICS rated standard game"]
[Site "FICS freechess.org"]
[Date "2018.01.02"]
[Round "?"]
[White "piaanist"]
[Black "hijibiji"]
[Result "0-1"]
[WhiteElo "1400"]
[BlackElo "1558"]
[PlyCount "62"]
[EventDate "2018.??.??"]

1. e4 e5 2. Nf3 Nc6 3. c3 Bc5 4. d3 Qf6 5. Be2 d6 6. Be3 h5 7. Bxc5 dxc5 8. d4
cxd4 9. cxd4 Bd7 10. dxe5 Nxe5 11. Nxe5 Qxe5 12. Nc3 O-O-O 13. O-O Qc5 14. Qb3
Be6 15. Nd5 Bxd5 16. exd5 Qxd5 17. Qxd5 Rxd5 18. Bc4 Rd7 19. Rac1 Nf6 20. Rfe1
Re8 21. Rxe8+ Nxe8 22. Re1 Kd8 23. f4 Rd2 24. b4 Rd7 25. a4 Re7 26. Rd1+ Nd6
27. b5 Re4 28. Bxf7 Rxa4 29. Rd5 Rxf4 30. Bxh5 Rf5 31. Rd3 Rxh5 {White resigns}
0-1

[Event "FICS rated standard game"]
[Site "FICS freechess.org"]
[Date "2018.01.02"]
[Round "?"]
[White "betterandbetter"]
[Black "anterdabbous"]
[Result "0-1"]
[WhiteElo "1699"]
[BlackElo "1838"]
[PlyCount "110"]
[EventDate "2018.??.??"]

1. e4 e5 2. Nf3 Nc6 3. c3 d6 4. Be2 Nf6 5. Qc2 Be7 6. O-O O-O 7. h3 d5 8. exd5
Nxd5 9. d3 Nf4 10. Bxf4 exf4 11. Nbd2 f5 12. Rfe1 Rf6 13. Nf1 Rg6 14. d4 Bd6
15. Bd3 Ne7 16. Bc4+ Kh8 17. Bf7 Rf6 18. Qb3 Bd7 19. Re2 c6 20. Ng5 h6 21. Ne6
Bxe6 22. Bxe6 b5 23. Rae1 a5 24. a4 Rb8 25. Qa2 b4 26. c4 b3 27. Qb1 Bb4 28.
Nd2 Qxd4 29. Nf3 Qa7 30. Rd1 Bc5 31. Rd7 Rxe6 32. Rxa7 Rxe2 33. Rxa5 Bxf2+ 34.
Kf1 Rc2 35. Re5 Ng6 36. Re2 Rxe2 37. Kxe2 Be3 38. Qxf5 Ne7 39. Qe5 Re8 40. Nh4
Bc1 41. Nf5 Bxb2 42. Qxb2 Nxf5+ 43. Kf3 c5 44. a5 Nd4+ 45. Kxf4 Re2 46. Qb1
Rxg2 47. a6 Ra2 48. Qg6 Rf2+ 49. Ke3 Re2+ 50. Kd3 b2 51. Qb6 Re6 52. Qb8+ Kh7
53. a7 Ra6 54. Qb5 Rxa7 55. Qxb2 Rf7 0-1

[Event "FICS rated blitz game"]
[Site "FICS freechess.org"]
[Date "2018.01.02"]
[Round "?"]
[White "kiknit"]
[Black "sirkillalot"]
[Result "1-0"]
[WhiteElo "1461"]
[BlackElo "1766"]
[PlyCount "113"]
[EventDate "2018.??.??"]
[EventType "blitz"]

1. e4 e5 2. Nf3 Nc6 3. c3 d6 4. Bc4 Be6 5. Bxe6 fxe6 6. d4 exd4 7. Nxd4 Nf6 8.
Nxc6 bxc6 9. O-O Be7 10. Nd2 O-O 11. Qf3 e5 12. Qh3 Rb8 13. Nf3 h6 14. Bxh6
gxh6 15. Qxh6 Rf7 16. Ng5 Rg7 17. Ne6 Bf8 18. Nxd8 Rxg2+ 19. Kxg2 Bxh6 20. Nxc6
Rxb2 21. Nxa7 Nxe4 22. Nc8 Nxc3 23. Ne7+ Kf7 24. Nf5 Bf4 25. a4 Ke6 26. Ng7+
Kf6 27. Nh5+ Kf5 28. Nxf4 exf4 29. a5 Rb8 30. a6 Ra8 31. a7 Nb5 32. Rfb1 Rxa7
33. Rxa7 Nxa7 34. Rb7 Nc6 35. Rxc7 Nd4 36. Rd7 Ke6 37. Rd8 Nf5 38. Re8+ Kd7 39.
Rf8 Ke6 40. Kf3 Ke5 41. Re8+ Kd5 42. Kxf4 Nd4 43. h4 Ne6+ 44. Kf5 Ng7+ 45. Kg6
Nxe8 46. h5 Ke6 47. h6 Nf6 48. f4 Nh7 49. Kxh7 Kf7 50. f5 d5 51. Kh8 d4 52. f6
d3 53. h7 Kxf6 54. Kg8 d2 55. h8=Q+ Kf5 56. Qd4 d1=Q 57. Qxd1 {Black resigns}
1-0

[Event "FICS rated blitz game"]
[Site "FICS freechess.org"]
[Date "2018.01.02"]
[Round "?"]
[White "kiknit"]
[Black "Mucke"]
[Result "1-0"]
[WhiteElo "1447"]
[BlackElo "1417"]
[PlyCount "87"]
[EventDate "2018.??.??"]
[EventType "blitz"]

1. e4 e5 2. Nf3 Nc6 3. c3 Nf6 4. d4 exd4 5. cxd4 h6 6. e5 Nd5 7. Bd2 Bb4 8. Nc3
Nxc3 9. bxc3 Ba5 10. Bc4 O-O 11. h4 Re8 12. Ng5 d5 13. Bb3 Bf5 14. Qf3 Qd7 15.
Bxd5 Ne7 16. Bxf7+ Kf8 17. e6 Qd5 18. Nh7+ Bxh7 19. Qf4 Qe4+ 20. Qxe4 Bxe4 21.
Bxe8 Rxe8 22. O-O Nf5 23. Rab1 b6 24. Rbe1 Bd3 25. e7+ Kg8 26. Re6 Bxf1 27.
Kxf1 Nxh4 28. g3 Nf5 29. g4 Nd6 30. Kg2 Kf7 31. Re3 Rxe7 32. Rf3+ Kg8 33. g5
Ne4 34. Be3 Nxc3 35. gxh6 gxh6 36. Bxh6 Rf7 37. Rg3+ Kh7 38. Be3 Nd5 39. Rh3+
Kg8 40. Bc1 Ne3+ 41. Bxe3 Be1 42. Kf1 Bxf2 43. Bxf2 c5 44. dxc5 1-0

[Event "FICS rated blitz game"]
[Site "FICS freechess.org"]
[Date "2018.01.02"]
[Round "?"]
[White "pokernut"]
[Black "tuffnut"]
[Result "1-0"]
[WhiteElo "1178"]
[BlackElo "1065"]
[PlyCount "51"]
[EventDate "2018.??.??"]
[EventType "blitz"]

1. e4 e5 2. Nf3 Nc6 3. c3 Nf6 4. Bd3 h6 5. O-O Bc5 6. Bc2 d6 7. d4 exd4 8. cxd4
Bb6 9. Nc3 O-O 10. Be3 Bg4 11. h3 Bxf3 12. gxf3 Qc8 13. Kh2 Re8 14. Rg1 Kh8 15.
Bd3 Ne7 16. e5 dxe5 17. dxe5 Nfd5 18. Nxd5 Nxd5 19. Bxb6 Nxb6 20. f4 c6 21. Qf3
Nd5 22. Rg4 Rf8 23. Rag1 g6 24. f5 gxf5 25. Bxf5 Qd8 26. Rg7 {Black resigns}
1-0

[Event "FICS rated standard game"]
[Site "FICS freechess.org"]
[Date "2018.01.02"]
[Round "?"]
[White "Benkh"]
[Black "heiiinz"]
[Result "1-0"]
[WhiteElo "1290"]
[BlackElo "1420"]
[PlyCount "99"]
[EventDate "2018.??.??"]

1. e4 e5 2. Nf3 Nc6 3. c3 g6 4. b4 Bg7 5. Bb2 Nf6 6. d3 O-O 7. Nbd2 d5 8. Nxe5
Nxe5 9. d4 Neg4 10. e5 Re8 11. Nf3 Bf5 12. h3 Nh6 13. g4 Be4 14. g5 Bxf3 15.
Qxf3 Ne4 16. gxh6 Bxh6 17. Bc1 Bxc1 18. Rxc1 Qg5 19. Rc2 Re6 20. Rg1 Qh6 21.
Bd3 Rf8 22. Bxe4 dxe4 23. Qxe4 c6 24. d5 cxd5 25. Qxd5 Rfe8 26. Re2 Qc1+ 27.
Qd1 Qxc3+ 28. Qd2 Qa1+ 29. Qd1 Qc3+ 30. Qd2 Qa3 31. Rg3 Qa6 32. f4 f6 33. Rge3
fxe5 34. fxe5 Qb5 35. a3 Rxe5 36. Rxe5 Rxe5 37. Rxe5 Qxe5+ 38. Qe2 Qa1+ 39. Qd1
Qxa3 40. Qd5+ Kg7 41. Qxb7+ Kh6 42. b5 Qg3+ 43. Kd2 Qh2+ 44. Kc3 Qxh3+ 45. Kb4
Qh4+ 46. Kc5 Qf2+ 47. Kd6 Qf6+ 48. Kc5 Qf2+ 49. Kd6 Qg2 50. Qxg2 1-0

[Event "FICS rated standard game"]
[Site "FICS freechess.org"]
[Date "2018.01.02"]
[Round "?"]
[White "FyFazan"]
[Black "dansan"]
[Result "1-0"]
[WhiteElo "1628"]
[BlackElo "1638"]
[PlyCount "51"]
[EventDate "2018.??.??"]

1. e4 e5 2. Nf3 Nc6 3. c3 d6 4. d4 exd4 5. cxd4 Bg4 6. Be2 Bxf3 7. Bxf3 Qf6 8.
Be3 Rd8 9. Nc3 Nge7 10. Qb3 Nxd4 11. Bxd4 Qe6 12. Qxb7 g6 13. O-O f6 14. Rfe1
Bh6 15. Qb5+ c6 16. Qd3 O-O 17. Bxa7 g5 18. Bh5 g4 19. Qg3 Kh8 20. Bxg4 Qc4 21.
Qh3 Bg5 22. Bf5 Nxf5 23. Qxf5 c5 24. Nd5 Qa6 25. Bb6 Rde8 26. Nc7 {Black
resigns} 1-0

[Event "FICS rated lightning game"]
[Site "FICS freechess.org"]
[Date "2018.01.02"]
[Round "?"]
[White "mogonhed"]
[Black "PatOrMat"]
[Result "0-1"]
[WhiteElo "1947"]
[BlackElo "1887"]
[PlyCount "96"]
[EventDate "2018.??.??"]

1. e4 e5 2. Nf3 Nc6 3. c3 d5 4. Qa4 d4 5. Nxe5 dxc3 6. Nxc6 bxc6 7. Qxc6+ Bd7
8. Qxc3 Nf6 9. d3 Rb8 10. Bf4 Bb4 11. Be2 Bxc3+ 12. bxc3 O-O 13. O-O Bg4 14. f3
Bh5 15. Be3 Rb2 16. Nd2 Qb8 17. Rfb1 Rxb1+ 18. Rxb1 Qd8 19. Bd4 c6 20. Nc4 c5
21. Be3 Nd7 22. Nd6 Nb6 23. Nf5 Qf6 24. Ng3 Bg6 25. a4 Qxc3 26. Bxc5 Rc8 27.
Bxb6 axb6 28. Kf2 h5 29. Rxb6 Qd4+ 30. Kf1 Qxb6 31. Bd1 Rc1 32. Ke2 Qb2+ 33.
Ke1 Rxd1+ 34. Kxd1 Qxg2 35. Ne2 Qxf3 36. Kd2 h4 37. Nd4 Qg2+ 38. Kc3 Qxh2 39.
Nf3 Qb8 40. Nd4 Qa7 41. Kd2 Qxa4 42. Ke3 Qa7 43. Kd2 f5 44. Kc3 fxe4 45. Nf3
exd3 46. Nd2 Qc7+ 47. Nc4 h3 48. Kd2 h2 0-1

[Event "FICS rated blitz game"]
[Site "FICS freechess.org"]
[Date "2018.01.02"]
[Round "?"]
[White "denk"]
[Black "Szabifa"]
[Result "1-0"]
[WhiteElo "1354"]
[BlackElo "1401"]
[PlyCount "49"]
[EventDate "2018.??.??"]
[EventType "blitz"]

1. e4 e5 2. Nf3 Nc6 3. c3 Bc5 4. Bc4 h6 5. d4 exd4 6. cxd4 Bb4+ 7. Bd2 Bxd2+ 8.
Nbxd2 d6 9. O-O Nf6 10. d5 Ne5 11. Nxe5 dxe5 12. Nf3 Bg4 13. Be2 Nxe4 14. Qa4+
Bd7 15. Qxe4 O-O 16. Bd3 f5 17. Qxe5 c5 18. Rac1 Qb6 19. Bc4 Rae8 20. Qc3 Kh8
21. Rfe1 Rd8 22. Ne5 Be8 23. Nf3 Qd6 24. Re6 Qb8 25. Rxh6+ {Black resigns} 1-0

[Event "FICS rated standard game"]
[Site "FICS freechess.org"]
[Date "2018.01.02"]
[Round "?"]
[White "dansan"]
[Black "RockShoes"]
[Result "0-1"]
[WhiteElo "1633"]
[BlackElo "1776"]
[PlyCount "44"]
[EventDate "2018.??.??"]

1. e4 e5 2. Nf3 Nc6 3. c3 Nf6 4. d3 h6 5. b4 d6 6. b5 Ne7 7. Ba3 Ng6 8. Nbd2
Be7 9. Nc4 O-O 10. Ne3 d5 11. Bxe7 Nxe7 12. Nxe5 dxe4 13. d4 Ned5 14. Qb3 Nxe3
15. fxe3 Ng4 16. Nxg4 Bxg4 17. h3 Be6 18. Qc2 a6 19. Qxe4 axb5 20. Qxb7 Rxa2
21. Rxa2 Bxa2 22. Bc4 Bxc4 0-1

[Event "FICS rated standard game"]
[Site "FICS freechess.org"]
[Date "2018.01.02"]
[Round "?"]
[White "Chesstronik"]
[Black "MRKumar"]
[Result "0-1"]
[WhiteElo "1497"]
[BlackElo "1751"]
[PlyCount "40"]
[EventDate "2018.??.??"]

1. Nf3 Nc6 2. c3 e5 3. e4 Nf6 4. Qc2 Bc5 5. h3 d5 6. exd5 Nxd5 7. d4 exd4 8. c4
Ndb4 9. Qd1 d3 10. a3 Nc2+ 11. Kd2 Nxa1 12. b4 Bd6 13. Bxd3 O-O 14. Bb2 Bf4+
15. Ke2 Re8+ 16. Kf1 Bf5 17. Ne1 Rxe1+ 18. Kxe1 Bxd3 19. Bxa1 Qe7+ 20. Qe2
Qxe2# {White checkmated} 0-1

[Event "FICS rated blitz game"]
[Site "FICS freechess.org"]
[Date "2018.01.02"]
[Round "?"]
[White "Uddo"]
[Black "Marmari"]
[Result "1-0"]
[WhiteElo "1473"]
[BlackElo "1386"]
[PlyCount "59"]
[EventDate "2018.??.??"]
[EventType "blitz"]

1. e4 e5 2. Nf3 Nc6 3. c3 Be7 4. d4 exd4 5. cxd4 Nf6 6. Nc3 O-O 7. a3 d6 8. Bd3
Bg4 9. O-O Nxd4 10. Bg5 Nxf3+ 11. gxf3 Bh5 12. Kh1 Nd7 13. Be3 Ne5 14. Be2 c6
15. Rg1 Bf6 16. f4 Bxe2 17. Qxe2 Nc4 18. Qxc4 b5 19. Qxc6 Bh4 20. Rad1 Re8 21.
Qxb5 Qf6 22. Nd5 Qh6 23. Nc7 Rab8 24. Qe2 Re7 25. Nd5 Rxe4 26. Bxa7 Rbe8 27.
Qg4 R8e6 28. Be3 Rg6 29. Qc8+ Re8 30. Qxe8# {Black checkmated} 1-0